000 00350nam a2200157Ia 4500
005 20250508032048.0
008 240331s9999 xx 000 0 und d
020 _a
082 _bRAM
_a894
100 _aRamanan, A
245 0 _aNeruppaka nee
260 _aChennai
_bPoonchoali Achagam
_c1986
300 _a240 p .,
650 _aNovel
942 _cL
999 _c4325
_d4325